|
|
|
|
| LEADER |
00000nlm0a2200000 4500 |
| 001 |
114450 |
| 005 |
20231031122246.0 |
| 035 |
|
|
|a (RuTPU)RU\TPU\book\123755
|
| 090 |
|
|
|a 114450
|
| 100 |
|
|
|a 20070423d2007 k y0rusy50 ca
|
| 101 |
0 |
|
|a rus
|
| 102 |
|
|
|a RU
|
| 105 |
|
|
|a a dm 001zy
|
| 135 |
|
|
|a drbn ---uucaa
|
| 181 |
|
0 |
|a i
|
| 182 |
|
0 |
|a b
|
| 200 |
1 |
|
|a Геолого-геофизическая методика определения показателей качества углей (на примере Нерюнгринского угольного месторождения)
|b Электронный ресурс
|e автореферат диссертации на соискание ученой степени кандидата геолого-минералогических наук
|f О. Л. Шумилова
|g Якутский государственный университет; науч. рук. Н. Н. Гриб
|
| 203 |
|
|
|a Текст
|c электронный
|
| 210 |
|
|
|a Томск
|c [Б. и.]
|d 2007
|
| 215 |
|
|
|a 1 файл (392 Kb)
|
| 230 |
|
|
|a Электронные текстовые данные (1 файл : 392 Kb)
|
| 300 |
|
|
|a Заглавие с титульного экрана
|
| 300 |
|
|
|a Электронная версия печатной публикации
|
| 337 |
|
|
|a Adobe Reader
|
| 452 |
|
1 |
|0 (RuTPU)RU\TPU\book\121781
|t Геолого-геофизическая методика определения показателей качества углей (на примере Нерюнгринского угольного месторождения)
|o автореферат диссертации на соискание ученой степени кандидата геолого-минералогических наук
|o спец. 25.00.16
|f О. Л. Шумилова
|g Якутский государственный университет; науч. рук. Н. Н. Гриб
|c Томск
|n Б.и.
|d 2007
|p 20 с.
|a Шумилова, Ольга Леонидовна
|
| 610 |
1 |
|
|a угольные месторождения
|
| 610 |
1 |
|
|a уголь
|
| 610 |
1 |
|
|a качество
|
| 610 |
1 |
|
|a геологические данные
|
| 610 |
1 |
|
|a скважины
|
| 610 |
1 |
|
|a геофизические исследования
|
| 610 |
1 |
|
|a математические модели
|
| 610 |
1 |
|
|a построение
|
| 610 |
1 |
|
|a апробация
|
| 610 |
1 |
|
|a Нерюнгринское угольное месторождение
|
| 610 |
1 |
|
|a авторефераты диссертаций
|
| 610 |
1 |
|
|a труды учёных ТПУ
|
| 610 |
1 |
|
|a электронный ресурс
|
| 675 |
|
|
|a 622.333.012:658.62(04)
|v 3
|
| 686 |
|
|
|a 25.00.16
|2 oksvnk
|
| 700 |
|
1 |
|a Шумилова
|b О. Л.
|g Ольга Леонидовна
|
| 702 |
|
1 |
|a Гриб
|b Н. Н.
|g Николай Николаевич
|4 727
|
| 712 |
0 |
2 |
|a Якутский государственный университет
|2 stltpush
|3 (RuTPU)RU\TPU\col\376
|
| 801 |
|
1 |
|a RU
|b 63413507
|c 20070423
|g PSBO
|
| 856 |
4 |
|
|u http://www.lib.tpu.ru/fulltext/a/2007/11.pdf
|
| 942 |
|
|
|c CF
|